|
|
|
|
| LEADER |
01030nam a2200301 a 4500 |
| 001 |
5316 |
| 003 |
BD-DhAAL |
| 005 |
20150826180316.0 |
| 008 |
150826s1993 nyua 001 0 eng |
| 010 |
|
|
|a 92053334
|
| 020 |
|
|
|a 1861976100
|
| 020 |
|
|
|a 088730592X :
|c $20.00 ($26.75 Can.)
|
| 040 |
|
|
|a DLC
|c DLC
|d DLC
|d BD-DhAAL
|
| 050 |
0 |
0 |
|a HF5415
|b .R54369 1993
|
| 082 |
0 |
0 |
|a 658.8
|2 20
|
| 100 |
1 |
|
|a Ries, Al.
|9 14188
|
| 245 |
1 |
4 |
|a The 22 immutable laws of marketing :
|b violate them at your own risk /
|c Al Ries and Jack Trout.
|
| 250 |
|
|
|a 1st ed.
|
| 260 |
|
|
|a New York, NY :
|b HarperBusiness,
|c c1993.
|
| 300 |
|
|
|a xii, 143 p. :
|b ill. ;
|c 22 cm.
|
| 500 |
|
|
|a Includes index.
|
| 541 |
|
|
|e 5316
|
| 650 |
|
0 |
|a Marketing.
|9 14189
|
| 700 |
1 |
|
|a Trout, Jack.
|9 14190
|
| 740 |
0 |
|
|a Twenty-two immutable laws of marketing.
|
| 942 |
|
|
|2 ddc
|c BK
|
| 999 |
|
|
|c 35358
|d 35358
|
| 952 |
|
|
|0 0
|1 0
|2 ddc
|4 0
|6 658_800000000000000_RIE
|7 0
|9 55584
|a SCL
|b SCL
|c GEN
|d 2015-08-26
|g 347.00
|l 1
|m 11
|o 658.8 RIE
|p 3020005316
|r 2019-07-30
|s 2019-05-16
|t 1
|w 2015-08-26
|y BK
|